Harmonic approximation / (Record no. 8448)

MARC details
000 -LEADER
fixed length control field 01156cam a2200289 a 4500
001 - CONTROL NUMBER
control field 3504506
003 - CONTROL NUMBER IDENTIFIER
control field OSt
005 - DATE AND TIME OF LATEST TRANSACTION
control field 20240614101032.0
008 - FIXED-LENGTH DATA ELEMENTS--GENERAL INFORMATION
fixed length control field 950317s1995 enka b 001 0 eng
010 ## - LIBRARY OF CONGRESS CONTROL NUMBER
LC control number 95008506
020 ## - INTERNATIONAL STANDARD BOOK NUMBER
International Standard Book Number 052149799X (paperback)
040 ## - CATALOGING SOURCE
Original cataloging agency DLC
Transcribing agency MUST
Modifying agency DLC
082 00 - DEWEY DECIMAL CLASSIFICATION NUMBER
Classification number 510
Item number GAR 1995
100 1# - MAIN ENTRY--PERSONAL NAME
Personal name Gardiner, Stephen J.
9 (RLIN) 17172
245 10 - TITLE STATEMENT
Title Harmonic approximation /
Statement of responsibility, etc. Stephen J. Gardiner.
260 ## - PUBLICATION, DISTRIBUTION, ETC. (IMPRINT)
Place of publication, distribution, etc. Cambridge ;
-- New York, NY, USA :
Name of publisher, distributor, etc. Cambridge University Press,
Date of publication, distribution, etc. 1995.
300 ## - PHYSICAL DESCRIPTION
Extent xiii, 132 p. :
Other physical details ill. ;
Dimensions 23 cm.
440 #0 - SERIES STATEMENT/ADDED ENTRY--TITLE
Title London Mathematical Society lecture note series ;
Volume/sequential designation 221
9 (RLIN) 17173
504 ## - BIBLIOGRAPHY, ETC. NOTE
Bibliography, etc Includes bibliographical references (p. [125]-129) and index.
650 #0 - SUBJECT ADDED ENTRY--TOPICAL TERM
Topical term or geographic name as entry element Harmonic analysis.
9 (RLIN) 17174
650 #0 - SUBJECT ADDED ENTRY--TOPICAL TERM
Topical term or geographic name as entry element Approximation theory.
9 (RLIN) 15938
856 42 - ELECTRONIC LOCATION AND ACCESS
Materials specified Publisher description
Uniform Resource Identifier http://www.loc.gov/catdir/description/cam026/95008506.html
856 41 - ELECTRONIC LOCATION AND ACCESS
Materials specified Table of contents
Uniform Resource Identifier http://www.loc.gov/catdir/toc/cam027/95008506.html
906 ## - LOCAL DATA ELEMENT F, LDF (RLIN)
a 7
b cbc
c orignew
d 1
e ocip
f 19
g y-gencatlg
942 ## - ADDED ENTRY ELEMENTS (KOHA)
Source of classification or shelving scheme Dewey Decimal Classification
Koha item type Open Shelf
Holdings
Withdrawn status Lost status Source of classification or shelving scheme Damaged status Not for loan Home library Current library Date acquired Source of acquisition Inventory number Total Checkouts Full call number Barcode Date last seen Price effective from Koha item type
    Dewey Decimal Classification     MUST Main Library MUST Main Library 14/06/2024 Purchase 2004/20691   510 GAR 1995 2024-20455 14/06/2024 14/06/2024 Open Shelf
    Dewey Decimal Classification     MUST Main Library MUST Main Library 14/06/2024 Purchase 2004/20692   510 GAR 1995 2024-20457 14/06/2024 14/06/2024 Open Shelf